African journal of computing & ICTs (Record no. 38044)

MARC details
000 -LEADER
fixed length control field 00432nam a2200157Ia 4500
022 ## - INTERNATIONAL STANDARD SERIAL NUMBER
ISSN 20061781
050 ## - CALL MARK
Classification number QA 75.5 .A37/
245 #0 - TITLE STATEMENT
Title African journal of computing & ICTs
260 ## - PUBLICATION, DISTRIBUTION, ETC. (IMPRINT)
Place of publication Abuja
260 ## - PUBLICATION, DISTRIBUTION, ETC. (IMPRINT)
Year of publication 2011
300 ## - PHYSICAL DESCRIPTION
Number of Pages vi. , 178 p. ; 29 cm.
650 ## - SUBJECT ADDED ENTRY--TOPICAL TERM
Topical Term Computer science--Periodicals Computer science--Nigeria--Periodicals.
942 ## - ADDED ENTRY ELEMENTS (KOHA)
Koha item type Serials

No items available.